[Event "SLO Cup final"]
[Site "Rogla"]
[Date "2002.06.07"]
[Round "1"]
[White "Kozamernik, Janez"]
[Black "Repnik, Konrad"]
[Result "1-0"]
[WhiteElo "2185"]
[BlackElo "2026"]
[PlyCount "53"]
[EventDate "2002.06.07"]
[EventType "swiss"]
[EventRounds "5"]
[EventCountry "SLO"]
[SourceTitle "EXT 2008"]
[Source "ChessBase"]
[SourceDate "2007.11.25"]
[SourceVersion "1"]
[SourceVersionDate "2007.11.25"]
[SourceQuality "1"]

1. e4 e5 2. Nf3 Nc6 3. d4 exd4 4. Nxd4 Nxd4 5. Qxd4 Qf6 6. e5 Qb6 7. Qxb6 axb6 8. Nc3 c6 9. Be3 b5 10. Ne4 f5 11. Nd6+ Bxd6 12. exd6 Nf6 13. c4 Ne4 14. 0-0-0 Rxa2 15. Kb1 Ra5 16. cxb5 0-0 17. f3 Nf6 18. Bc4+ Kh8 19. Bb6 Ra4 20. b3 Ra8 21. Rhe1 h6 22. Re5 Nh7 23. Rde1 Ng5 24. Re8 Rxe8 25. Rxe8+ Kh7 26. h4 cxb5 27. Bg8+ 1-0